00464nam a2200157 a 450000100100000000500170001000800410002704000250006808200150009310000180010824500570012625000110018326000500019430000280024450400340027200002569420200930023958.0090930s1981 dr a r 001 0 spa d aDO-SdBNPbspacBNPHU axxxaC334e1 aCasado, Lucio10aPrincipios de economía política /cLucio Casado. a6a ed. aSanto Domingo :bColegial Quisqueyana,c1981. a228 p. :bil. ;c23 cm. aBibliográficas : p. 227-228